banner-ar

علم اجتماع التنمية: دراسة فى اجتماعيات العالم الثالث / (Record no. 43342)

MARC details
000 -الفاتح
حقل البيانات ثابتة الطول 00502nam a2200157Ia 4500
008 - عناصر البيانات ثابتة الطول - معلومات عامة
حقل البيانات ثابتة الطول 140319s9999 xx 000 0 ara d
040 ## - مصدر الفهرسة
وكالة الفهرسة الأصلية GCL /
وكالة النسخ GCL
082 04 - رقم تصنيف ديوى العشرى
رقم التصنيف 301.1543
رقم المادة ن ع
100 1# - المدخل الرئيسى - إسم شخصى
الإسم الشخصى محمد عاطف غيث
245 10 - بيان العنوان
العنوان علم اجتماع التنمية: دراسة فى اجتماعيات العالم الثالث /
بيان المسئوليه,etc محمد عاطف غيث
700 1# - المدخل الاضافى - اسم شخصى
الإسم الشخصى نبيل السراج
700 1# - المدخل الاضافى - اسم شخصى
الإسم الشخصى نبيل السمالوطى
300 ## - الوصف المادى
التعداد 475 ص
490 ## - بيان السلسلة
عنوان السلسلة 100 قصة
رقم المجلد/ التعيين التسلسلي 0
Holdings
حالة التراجع حالة الفقد حالة تلف ليس للاعارة المكان المؤقت الموقع الحالى تاريخ الاكتساب اجمالي اﻻعارات رقم الطلب الباركود تاريخ اخر مشاهدة تاريخ تفعيل السعر نوع وعاء كوها
        مكتبة القاهرة الكبرى مكتبة القاهرة الكبرى 03/26/2014   301.1543\ن ع 104867 03/26/2014 03/26/2014 كتاب
        مكتبة القاهرة الكبرى مكتبة القاهرة الكبرى 03/26/2014   301.1543\ن ع 104868 03/26/2014 03/26/2014 كتاب
        مكتبة القاهرة الكبرى مكتبة القاهرة الكبرى 03/26/2014   301.1543\ن ع 104869 03/26/2014 03/26/2014 كتاب

Powered By

EGPV